Guess The American Brands! #7 - Statistics

General Stats
  • This quiz has been taken 44 times
  • The average score is 15 of 20
Answer Stats
Picture Answer % Correct
Ghostbusters
97%
Pizza Hut
97%
Post It
97%
Esso
92%
NBA
92%
Candy Crush
89%
Dreamworks
89%
Pinterest
89%
Home Depot
87%
Itunes
87%
Reddit
84%
AT&T
82%
Google+
82%
IGN
82%
Hallmark
76%
Kroger
58%
Pfizer
58%
Linux
47%
Olay
37%
Ralph Laurent
13%
No matching quizzes found
Score Distribution
Percent of People with Each Score
Percentile by Number Answered
Your Score History
You have not taken this quiz